El mundo mediterráneo en la Edad Antigua. (Record no. 31725)

MARC details
000 -LEADER
campo de control de longitud fija 00847nam a2200241 i 4500
001 - NÚMERO DE CONTROL
campo de control 31725
003 - IDENTIFICADOR DE NÚMERO DE CONTROL
campo de control ES-MaACL
005 - FECHA Y HORA DE LA ÚLTIMA TRANSACCIÓN
campo de control 20250815050908.0
007 - CAMPO FIJO DE DESCRIPCIÓN FÍSICA--INFORMACIÓN GENERAL
campo de control de longitud fija t|
008 - DATOS DE LONGITUD FIJA--INFORMACIÓN GENERAL
campo de control de longitud fija 030130s1978 sp ||||1| spa d
245 01 - MENCIÓN DEL TÍTULO
Título El mundo mediterráneo en la Edad Antigua.
Número de parte o sección de la obra I,
Nombre de parte o sección de la obra Griegos y persas /
Mención de responsabilidad, etc. compilado por Hermann Bengtson ; [traductores: Carlos Gerhard y Florentino M. Torner].
250 ## - MENCION DE EDICION
Mención de edición 5ª ed.
260 ## - PUBLICACIÓN, DISTRIBUCIÓN, ETC.
Lugar de publicación, distribución, etc. [Madrid] :
Nombre del editor, distribuidor, etc. Siglo XXI,
Fecha de publicación, distribución, etc. [1978]
300 ## - DESCRIPCIÓN FÍSICA
Extensión V, 413 p. ;
Dimensiones 18 cm.
490 1# - MENCIÓN DE SERIE
Mención de serie Historia universal. Siglo XXI ;
Designación de volumen o secuencia 5
650 07 - PUNTO DE ACCESO ADICIONAL DE MATERIA--TÉRMINO DE MATERIA
Término de materia o nombre geográfico como elemento de entrada Historia antigua
Fuente del encabezamiento o término embne
9 (RLIN) 13385
700 1# - ENTRADA AGREGADA--NOMBRE PERSONAL
Nombre de persona Bengtson, Hermann.
9 (RLIN) 27578
700 1# - ENTRADA AGREGADA--NOMBRE PERSONAL
Nombre de persona Gerhard, Carlos.
9 (RLIN) 56442
700 1# - ENTRADA AGREGADA--NOMBRE PERSONAL
Nombre de persona Torner, Florentino M.
9 (RLIN) 110662
830 00 - PUNTO DE ACCESO ADICIONAL DE SERIE-TÍTULO UNIFORME
Título uniforme Historia universal (Siglo XXI)
Designación de volumen o secuencia 5
9 (RLIN) 181446
852 ## - LOCALIZACIÓN
Ubicación ES-MaACL
Número de control de estantería A-7873
Sublocalización o colección R.97274
Holdings
Estatus retirado Estado de pérdida Estado de daño No para préstamo Biblioteca de origen Biblioteca actual Ubicación en estantería Fecha de adquisición Fuente de adquisición Total de préstamos Signatura topográfica completa Código de barras Visto por última vez Precio de reemplazo Tipo de ítem Koha
        Biblioteca del Ateneo de Madrid Biblioteca del Ateneo de Madrid Sala Pecera Planta 1 17/01/2008     A-7873 1032801 23/02/2023 23/02/2023 Libro impreso